| 000 | 01453nam a2200265Ia 4500 | ||
|---|---|---|---|
| 999 |
_c55157 _d55157 |
||
| 001 | 22232 | ||
| 003 | GE_BSU | ||
| 005 | 20221216132514.0 | ||
| 008 | 181216s2016||||ge |||||||||||||| ||geo|| | ||
| 020 | _a9789941135118 | ||
| 040 | _cGE_BSU | ||
| 041 | _ageo | ||
| 080 | _a81'221.2 მ-44 | ||
| 100 |
_aმახარობლიძე, თამარ _94999 |
||
| 245 |
_aლინგვისტური წერილები 3 / _cთამარ მახარობლიძე ; რედაქტორი ავთანდილ არაბული. |
||
| 264 |
_aთბილისი : _bთსუ-ს გამომცემლობა, _c2016. |
||
| 300 |
_a442 გვ. ; _c27 სმ. |
||
| 500 | _aპარალელური სათაური ინგლისურ ენაზე | ||
| 520 | _aპარალ. სათ. ინგლ.ენ. | ||
| 541 | _h6ლ. 90თ. | ||
| 653 | _aლინგვისტური წერილები | ||
| 700 |
_aარაბული, ავთანდილ _eრედაქტორი _916455 |
||
| 700 |
_aივანე ჯავახიშვილის სახელობის თბილისის სახელმწიფო უნივერსიტეტი _eარნოლდ ჩიქობავას სახელობის ენათმეცნიერების ინსტიტუტი _916456 |
||
| 942 |
_cBK _2udc |
||